Abastecimiento de Agua y Remoción de Aguas Residuales
| Main Authors: | , , |
|---|---|
| Format: | Section = Libro |
| Language: | Undetermined Spanish |
| Published: |
México
Limusa
1972
|
| Subjects: |
| LEADER | 00690nam a2200241Ia 4500 | ||
|---|---|---|---|
| 008 | 241007s9999||||xx |||||||||||||| ||und|| | ||
| 020 | |a 968-18-0466-X | ||
| 040 | |a BIBLIOTECA-RURC/ 624.184 P238 | ||
| 041 | |a spa | ||
| 082 | |a 624.184 P238 | ||
| 100 | 1 | |a Maskew Fair, Gordon | |
| 100 | 1 | |b Charles Geyer, John. | |
| 100 | 1 | |c Okun, Daniel Alexander | |
| 245 | 1 | 0 | |a Abastecimiento de Agua y Remoción de Aguas Residuales |
| 260 | |a México |b Limusa |c 1972 | ||
| 300 | |a 521 p. :il. | ||
| 650 | 7 | |a SISTEMAS DE AGUAS RESIDUALES | |
| 650 | 7 | |b FLUJO DE AGUAS SUBTERRANEAS | |
| 650 | 7 | |c MAQUINAS Y EQUIPOS | |
| 650 | 7 | |d PROYECTOS DE INGENIERIA | |
| 942 | |c BK |2 ddc | ||
| 991 | |a TEXTO | ||
| 999 | |c 14483 | ||